000 01252nam a2200193Ia 4500
999 _c51020
_d51020
001 17977
003 GE_BSU
005 20250304120528.0
008 181216s2015||||ge |||||||||||||| ||geo||
040 _cGE_BSU
041 _ageo
080 _a001.891(479.223)(063) ს-32
245 _aსაქართველოს მეცნიერებათა ეროვნული აკადემიის გამსვლელი სხდომა აჭარაში 2014 წლის 3-5 ივლისი (მასალები) /
_cსარედ. კოლ. გ. კვესიტაძე. რ. მეტრეველი. თ. ნანეიშვილი და სხვ. ; რედ. გ. კვესიტაძე
264 _aთბილისი :
_bსაქ. მეცნ. ეროვნ. აკად. სტ.,
_c2015.
300 _a183 გვ. ;
_c21 სმ.
653 _aსაქართველოს მეცნიერებათა ეროვნული აკადემიის გამსვლელი სხდომა აჭარაში 2014 წლის 3-5 ივლისი
700 _aკვესიტაძე, გ.
_eრედაქტორი
_92716
942 _cBK
_2udc